IT Tools and Applications (Record no. 130)

MARC details
000 -LEADER
fixed length control field 00448nam a22001697a 4500
005 - DATE AND TIME OF LATEST TRANSACTION
control field 20180201143059.0
008 - FIXED-LENGTH DATA ELEMENTS--GENERAL INFORMATION
fixed length control field 160427b xxu||||| |||| 00| 0 eng d
020 ## - INTERNATIONAL STANDARD BOOK NUMBER
ISBN 81-820-9021-0
041 ## - LANGUAGE CODE
Language code of text/sound track or separate title eng
082 ## - DEWEY DECIMAL CLASSIFICATION NUMBER
Item number 00427
Classification number 004
100 ## - MAIN ENTRY--AUTHOR NAME
Personal name Leon, Alexis and Leon, Mathews
245 ## - TITLE STATEMENT
Title IT Tools and Applications
260 ## - PUBLICATION, DISTRIBUTION, ETC. (IMPRINT)
Place of publication Chennai
Name of publisher Vijay Nicole Imprts Pvt Ltd.
Year of publication 2004
300 ## - PHYSICAL DESCRIPTION
Number of Pages 550
650 ## - SUBJECT ADDED ENTRY--TOPICAL TERM
Topical Term Information Technology
942 ## - ADDED ENTRY ELEMENTS (KOHA)
Koha item type Books
Holdings
Lost status Damaged status Collection code Home library Current library Shelving location Date acquired Cost, normal purchase price Full call number Accession Number Koha item type
    CS/IT JRU Library JRU Library SHELF-52-J 27/04/2016 300.00 00427 00427 Books
    CS/IT JRU Library JRU Library SHELF-52-J 27/04/2016 300.00 00427 00428 Books
    CS/IT JRU Library JRU Library SHELF-52-J 27/04/2016 300.00 00427 00429 Books
    CS/IT JRU Library JRU Library SHELF-52-J 27/04/2016 300.00 00427 00430 Books